000 00432nam a2200181Ia 4500
001 901
005 20260306140552.0
008 260306t2000||||xx |||||||||||||| ||spa||
041 _aESP
082 _a172.2
_bR84
100 _aRossi, Abelardo F.
_eAUT
245 0 _aAproximación a la justicia y a la equidad
260 _c2000
300 _a202 pƔginas :
_c18 cm.
650 _aGEN
654 _aCHU
942 _cLIB
_dJUS
_fJUS
_2ddc
_n
999 _c901
_d901